000 00375nam a22001217a 4500
082 _a200 THE
100 _aAdeel Iqbal
_915542
245 _aTH-SOF-1078-News Sentiments Grading Using Multiple Dictionaries Based Lexical Approach
260 _aISLAMABAD
_bNUST COLLEGE OF EME
_c2014
650 _aMS-CSE-11 MSTHESIS
700 _aSUPERVISOR Dr. Shoab Ahmad Khan
942 _cCF
999 _c577627
_d577627